000 00389nam a22001457a 4500
005 20260227111320.0
008 260227b |||||||| |||| 00| 0 eng d
041 _aEng.
100 _aBootwala, S. & KULKArni, P.
_9216792
245 _aAdvertising and Promotion Management Sem.- IV ( S.Y.B.B.A. )
250 _a1st ed.
260 _aPune
_bNirali Books
300 _aA.4
942 _cBK
999 _c370524
_d370524